|
|
|
|
| LEADER |
00804nam a2200205 a 4500 |
| 001 |
00013757 |
| 008 |
110522s2004 ii a 000 0 eng d |
| 040 |
|
|
|a BD-DhAAL
|d BD-DhAAL
|
| 082 |
0 |
0 |
|a 801/.95/09
|2 19
|
| 245 |
0 |
0 |
|a Literary criticism and theory /
|b an anthology [from beginning to present] .
|
| 260 |
|
|
|a New Delhi :
|b Doaba publications;
|c c2004.
|
| 300 |
|
|
|a viii, 140 p. ;
|c 24 cm.
|
| 541 |
1 |
|
|e 00013757
|
| 650 |
|
0 |
|a Criticism.
|
| 650 |
|
0 |
|a Literature
|x History and criticism
|x Theory, etc.
|
| 653 |
|
0 |
|a Literature
|a Criticism
|a history
|
| 710 |
|
|
|a Doaba publications
|
| 852 |
4 |
|
|a Ayesha Abed library
|j General Shelf
|
| 999 |
|
|
|c 10886
|d 10886
|
| 952 |
|
|
|0 0
|1 0
|2 ddc
|4 0
|6 801_950900000000000_LIT
|7 0
|9 16616
|a BRACUL
|b BRACUL
|c GEN
|d 2011-05-24
|l 1
|m 5
|o 801.9509 LIT
|p 3010013757
|r 2012-10-07
|s 2012-09-06
|t 1
|w 2011-05-24
|y BK
|